[Event "Hoogovens op"]
[Site "Wijk aan Zee"]
[Date "1993.01.??"]
[Round "6"]
[White "Adams, Michael"]
[Black "Shirov, Alexei"]
[Result "1/2-1/2"]
[WhiteElo "2630"]
[BlackElo "2670"]
[Annotator "Ftacnik,L"]
[PlyCount "46"]
[EventDate "1993.01.??"]
[EventType "swiss"]
[EventRounds "12"]
[EventCountry "NED"]
[SourceTitle "CBM 034"]
[Source "ChessBase"]
[SourceDate "1993.06.01"]
[SourceVersion "1"]
[SourceVersionDate "1993.06.01"]
[SourceQuality "1"]

1. d4 d5 2. c4 c6 3. e3 Nf6 4. Nc3 e6 5. Nf3 Nbd7 6. Qc2 Bd6 7. Be2 O-O 8. O-O
dxc4 9. Bxc4 b5 10. Be2 Re8 11. b3 e5 12. dxe5 Nxe5 13. Bb2 Qe7 $146 (13... Bb7
) 14. Nb1 (14. Nd4 g6 $13) 14... Nxf3+ (14... Bb7 15. Nbd2 a6 16. a4 $1 Rad8
$10) 15. Bxf3 Ng4 16. g3 (16. Bxg4 $2 Bxg4 17. Qxc6 Rac8 $40) (16. h3 Nh2 (
16... Ne5 17. Be4 h6 18. Nd2 Bb7 $10) 17. Bxc6 Nxf1 18. Bxe8 (18. Bxa8 $2 Nxe3
19. Qc3 Qg5 $1 20. h4 Qh6 $1 21. fxe3 Be5 22. Qd2 Bxb2 23. Qxb2 Qxe3+ 24. Qf2 (
24. Kh2 Qf4+ 25. g3 Qf1 26. Nc3 Qh3+ 27. Kg1 Qxg3+ $40) 24... Qe5 $17) 18...
Qxe8 (18... Nxe3 $6 19. Qc3 Nf5 20. Bxb5 $16) 19. Kxf1 Bb7 $44) 16... Ne5 17.
Bg2 Bg4 18. f4 (18. Nd2 Be2 19. Rfe1 Bd3 $40 20. Qc3 $140 $6 Bb4 21. Qxe5 Qxe5
22. Bxe5 Rxe5 $17) 18... Nd7 $1 (18... Ng6 19. e4 $16) 19. e4 Nf6 20. Re1 (20.
Bxf6 $5 gxf6 (20... Bc5+ $2 21. Kh1 Qxf6 22. e5 Qe7 23. Nc3 $16) 21. Nc3 Bc5+
$1 22. Kh1 Rad8 23. h3 Be6 $13) 20... Bc5+ 21. Kh1 Rad8 22. Nc3 Bf5 (22... Nh5
$5 {/\Ng3} 23. Ne2 $1 Bf2 24. Rf1 Qc5 (24... Be3 25. Rad1 Qe6 26. f5 $8 Qh6 27.
Bf3 $13) 25. Qxc5 Bxc5 26. Ng1 $13) 23. Re2 (23. exf5 $2 Qxe1+ 24. Rxe1 Rxe1+
25. Bf1 Rxf1+ 26. Kg2 Rf2+ $19) 23... Bg4 1/2-1/2

[Event "Hoogovens op"]
[Site "Wijk aan Zee"]
[Date "1993.01.??"]
[Round "8"]
[White "Akopian, Vladimir Eduardovic"]
[Black "Tukmakov, Vladimir B"]
[Result "1-0"]
[WhiteElo "2615"]
[BlackElo "2605"]
[Annotator "Ftacnik,L"]
[PlyCount "74"]
[EventDate "1993.01.??"]
[EventType "swiss"]
[EventRounds "12"]
[EventCountry "NED"]
[SourceTitle "CBM 034"]
[Source "ChessBase"]
[SourceDate "1993.06.01"]
[SourceVersion "1"]
[SourceVersionDate "1993.06.01"]
[SourceQuality "1"]

1. d4 d5 2. c4 c6 3. Nc3 Nf6 4. e3 e6 5. Nf3 Nbd7 6. Qc2 Bd6 7. Be2 O-O 8. O-O
dxc4 9. Bxc4 a6 10. Rd1 Qe7 11. a4 c5 (11... e5 $5) 12. dxc5 Bxc5 (12... Nxc5
13. b4 Ncd7 14. b5 $14) 13. b3 b6 14. Ne4 $1 (14. Bb2 Bb7 $10) 14... Bb7 (14...
Nxe4 15. Qxe4 Rb8 16. Bb2 $36) 15. Nxc5 Nxc5 16. Bb2 Rfc8 17. Bd4 $1 (17. Be5
h6 18. Qb2 Rd8 19. Bd4 $1 Rac8 20. Be2 a5 {Akopian,V-Pinter,J/Debrecen ETCh/
1992/} 21. Ne5 $1 {/\Nc4+/=}) 17... h6 (17... Nxa4 18. bxa4 (18. Ng5 Nc5 19.
Bxf6 Qxf6 20. Qxh7+ Kf8 $13) 18... b5 19. axb5 (19. Ng5 Rxc4 20. Bxf6 Qxf6 21.
Qxh7+ Kf8) 19... axb5 20. Rxa8 Bxa8 21. Ng5 Qb7 $1 22. f3 h6 $8 (22... Rxc4 23.
Bxf6 $18) 23. Bxf6 hxg5 24. Bxg7 Kxg7 25. Qb2+ $16) 18. Ne5 Nxa4 19. Rxa4 b5
20. Ra5 Qc7 21. Qa2 bxc4 22. bxc4 (22. Nxc4 Ng4 $1 23. f4 Rd8 $132) 22... Nd7
23. f3 $1 Nxe5 $2 (23... f6 24. Nxd7 (24. Ng6 $5 Kf7 25. Nf4 $36) 24... Qxd7
25. c5 Bd5 26. Qa1 $14) 24. Bxe5 Qe7 (24... Qxc4 25. Rd8+ Kh7 26. Qxc4 Rxc4 27.
Rd7 $16) 25. Bd6 Qd7 26. e4 f6 (26... Bd5 27. Be5 $1 (27. Bg3 Qa7+ 28. Bf2 Bxc4
$1) 27... Qa7+ 28. Bd4 Bxc4 29. Qa1 $1 Qc7 30. Bxg7 $16) 27. c5 Kh7 28. Rb1 e5
29. h3 Rc6 30. Kh2 Bc8 31. Qd5 Qe8 32. Rb6 Bd7 33. Rb7 $1 Be6 34. Qd3 Qd8 35.
Qa3 Qc8 36. Qb2 Qd8 37. Qb4 Qg8 $138 1-0

[Event "Lyon zt"]
[Site "Lyon"]
[Date "1990.??.??"]
[Round "3"]
[White "Meulders, Richard"]
[Black "Kuijf, Marinus"]
[Result "1-0"]
[WhiteElo "2320"]
[BlackElo "2490"]
[Annotator "Ftacnik,L"]
[PlyCount "76"]
[EventDate "1990.04.??"]
[EventType "tourn"]
[EventRounds "13"]
[EventCountry "FRA"]
[EventCategory "8"]
[SourceTitle "CBM 018"]
[Source "ChessBase"]
[SourceDate "1990.10.01"]
[SourceVersion "1"]
[SourceVersionDate "1990.10.01"]
[SourceQuality "1"]

1. d4 d5 2. c4 e6 3. Nc3 c6 4. e3 Nf6 5. Nf3 Nbd7 6. Bd3 Bb4 7. O-O O-O 8. Qb3
$5 {N} (8. a3) (8. Bd2) (8. Qc2) 8... Ba5 (8... Bd6 9. e4) 9. Bd2 Bc7 10. Rad1
Qe7 11. e4 dxc4 (11... dxe4 12. Nxe4 $14) 12. Bxc4 e5 13. d5 Nb6 $6 (13... b5
$1 14. Be2 Nc5 15. Qc2 (15. Qa3 $6 Bd6) 15... cxd5 (15... b4 16. Na4 Ncxe4 17.
Qxc6 Rb8 18. Be3 Bb7 19. Qc4 $13) 16. Nxd5 (16. exd5 e4 17. Ne1 a6) (16. Nxb5
Nfxe4 17. Bb4 Bb7 18. Bxc5 Nxc5 19. Nxc7 Qxc7 20. b4 Ne6 21. Qxc7 Nxc7 22. Nxe5
Rfe8) 16... Nxd5 17. exd5 e4 18. Ne1 a6 $10) 14. Bg5 $1 h6 15. Bxf6 Qxf6 16.
Rfe1 Nxc4 (16... cxd5 17. Nxd5 Nxd5 18. Bxd5 Rb8 19. Re2 $14) 17. Qxc4 Bg4 18.
Rd3 Rad8 19. h3 Bc8 20. Red1 Rfe8 21. b4 $5 (21. dxc6 Rxd3 (21... bxc6 22. Rxd8
Rxd8 23. Rxd8+ Bxd8 24. Qc5 $16) 22. Rxd3 bxc6 23. b4) 21... Bb8 22. a4 a6 (
22... cxd5 23. Nxd5 Qe6 24. b5 $16) 23. a5 (23. b5 axb5 24. axb5 cxb5 25. Nxb5
Bd7 $14) 23... g6 24. dxc6 Rxd3 25. Rxd3 Qxc6 (25... bxc6 26. Na4 $16) 26. Qxc6
bxc6 27. Na4 Kf8 28. Nb6 Ke7 29. Nc4 (29. Nxc8+ Rxc8 $10 {x b4}) 29... Ke6 30.
Nfd2 Ke7 31. Nb3 Be6 (31... Rd8 32. Rxd8 Kxd8 33. Nc5 Bc7 34. Nb6 $18) 32. Rc3
Rd8 33. Kf1 (33. Nc5 Rd4) 33... Rd1+ 34. Ke2 Rb1 35. Ncd2 $1 Rb2 36. Nc5 Bc8 (
36... Rxb4 37. Nxa6 Rb5 38. Nxb8 Rxb8 39. Rxc6 Rb2 $14) 37. Nd3 Ra2 38. Rxc6
Bd7 {Time; Ftacnik,L} (38... Bd7 39. Rxa6 Bc7 40. Ra7 Kd8 41. Nc5 Bb5+ 42. Kd1
$16) 1-0

[Event "World Cup"]
[Site "Khanty-Mansiysk"]
[Date "2009.12.07"]
[Round "6.2"]
[White "Gelfand, Boris"]
[Black "Karjakin, Sergey"]
[Result "1-0"]
[WhiteElo "2758"]
[BlackElo "2723"]
[Annotator "Ftacnik,L"]
[PlyCount "67"]
[EventDate "2009.11.21"]
[EventType "k.o."]
[EventRounds "7"]
[EventCountry "RUS"]
[SourceTitle "CBM 134"]
[Source "ChessBase"]
[SourceDate "2010.01.18"]
[SourceVersion "1"]
[SourceVersionDate "2010.01.18"]
[SourceQuality "1"]

1. d4 Nf6 2. c4 e6 3. Nf3 d5 4. Nc3 c6 5. e3 Nbd7 6. Qc2 Bd6 7. Bd3 O-O 8. O-O
dxc4 9. Bxc4 b5 10. Be2 Bb7 11. Rd1 Qc7 12. Bd2 e5 13. Rac1 a6 14. b4 {With
the help of a tactical motif White is trying to prevent the freeing manoeuvre .
..c6-c5.} Rfe8 (14... exd4 15. exd4 Rfe8 16. h3 Qb8 (16... Bxb4 17. Nxb5 axb5
18. Bxb4 Nd5 19. a3 Nxb4 20. axb4 Qd6 21. d5 cxd5 22. Bxb5 Rec8 $11) 17. Qb3
Nd5 18. Nxd5 cxd5 {1/2-1/2 Sorokin,M (2560)-Suvrajit,S (2391)/Mumbai 2003}) 15.
Bd3 (15. h3 h6 16. Nh4 exd4 17. exd4 Nb6 18. Nf5 Bh2+ 19. Kh1 Bf4 20. Bd3 Rad8
21. Ne2 Nbd5 22. Nxf4 Nxf4 23. Bf1 Ne4 24. Be1 c5 25. bxc5 Nxh3 26. f3 Qf4 {
0-1 Grooten,H (2344)-Muir,A (2359)/Hinckley Island 2008 (93)} 27. Nh4 Ng3+ 28.
Bxg3 Qxg3 29. Nf5 Nf2+ 30. Kg1 Nh3+ $11) 15... Bxb4 16. Ng5 (16. Nxb5 $2 axb5
17. Bxb4 e4 $19) 16... h6 $2 {[%mdl 4] Karjakin's defensive task was not very
pleasant. His solution to the problem of the h7-weakness will be convincingly
refuted by White.} (16... Nf8 17. Nxb5 axb5 18. Bxb4 exd4 19. exd4 Qf4 20. Bd2
Qxd4 21. Bc3 Qf4 22. Bxf6 Qxf6 23. Ne4 Qe7 24. Nd6 Red8 $11) 17. Nxb5 axb5 (
17... Qa5 18. Bxb4 Qxb4 19. Nc7 hxg5 20. Rb1 Qe7 21. Nxe8 Rxe8 22. Rxb7 $18)
18. Bh7+ $1 Kf8 {The black king never really planned the trip to f8, but at
this moment he was left without any options.} (18... Kh8 $4 19. Nxf7#) (18...
Nxh7 19. Qxh7+ Kf8 20. Bxb4+ c5 21. Rxc5 $18) 19. Bxb4+ c5 (19... Re7 20. dxe5
Nxe5 (20... Qxe5 21. Nf3 Qe6 22. Bf5 $18) 21. Bd6 Qb6 22. Qf5 $18) 20. dxc5 Bc6
(20... hxg5 21. c6+ Re7 22. cxd7 $18) 21. Be4 Nb8 {The fact, that this passive
and unappealing move is the best defence indicates, that the second player is
not only missing tha pawn but also struggling with serious problems.} (21...
hxg5 22. Bxc6 Qxc6 23. Rd6 Qc7 24. c6 Nc5 25. Qxc5 $18) (21... Bxe4 22. c6+ Kg8
23. Nxe4 $18) 22. Nh7+ Nxh7 (22... Ke7 23. Nxf6 Kxf6 24. Rd6+ Ke7 (24... Re6
25. f4 Ra4 26. Qc3 $18) 25. Rcd1 Ra6 26. Bxc6 Nxc6 27. Qf5 Ra7 28. Qh7 Nxb4 29.
Qxg7 $18) 23. Bxh7 g6 $6 {Karjakin is trying to solve the situation in a
principled way and indirectly forces White to sacrifice on the g6-square.
Unfortunatelly for him his scattered pieces will not be able to resist White's
attack.} (23... Ra4 24. a3 Na6 25. Qb1 Nxb4 26. axb4 Rd8 27. Bc2 $16) 24. Rd6
Re7 (24... Ra4 25. a3 Na6 26. Bxg6 $18) 25. h4 (25. Rf6 Nd7 26. Qxg6 Nxf6 27.
Qxh6+ Ke8 28. Qxf6 Re6 29. Qg7 Qd8 30. Qg4 $16) 25... h5 26. Bxg6 fxg6 $1 27.
Qxg6 Rxa2 {The simple mathematics concerning the number of attacking and
defensive pieces around the black king does not bode well for the stressed
monarch.} (27... Rg7 28. Qf6+ Kg8 29. Rd8+ Kh7 30. Qf5+ $18) 28. Rcd1 Rf7 (
28... Rd7 29. Rf6+ Rf7 30. Rd8+ Ke7 31. Rxf7+ Kxd8 32. Rf8+ $18) 29. Qh6+ Rg7 (
29... Ke7 30. Re6#) 30. Qf6+ (30. Rg6 $18) 30... Kg8 31. Rd8+ Kh7 32. Qf5+ $1 {
Gelfand is dilligently creating small miracles in order to use the attacking
potential of his rooks with tempo.} Rg6 33. Qxh5+ Rh6 (33... Kg7 34. Qh8+ Kf7
35. Qf8+ Ke6 36. R1d6+ $18) 34. Qf5+ (34. Qf5+ Kg7 35. Qf8+ Kg6 36. R1d6+ $18)
1-0

[Event "Novosibirsk"]
[Site "Novosibirsk"]
[Date "1993.??.??"]
[Round "1"]
[White "Epishin, Vladimir"]
[Black "Akopian, Vladimir Eduardovic"]
[Result "1/2-1/2"]
[WhiteElo "2620"]
[BlackElo "2615"]
[Annotator "Ftacnik,L"]
[PlyCount "74"]
[EventDate "1993.06.??"]
[EventType "tourn"]
[EventRounds "11"]
[EventCountry "RUS"]
[EventCategory "14"]
[SourceTitle "CBM 036"]
[Source "ChessBase"]
[SourceDate "1993.10.01"]
[SourceVersion "1"]
[SourceVersionDate "1993.10.01"]
[SourceQuality "1"]

1. d4 d5 2. c4 c6 3. Nc3 Nf6 4. e3 e6 5. Nf3 Nbd7 6. Qc2 Bd6 7. Be2 O-O 8. O-O
dxc4 9. Bxc4 Qe7 10. a3 e5 11. h3 Bc7 (11... Bb8 12. Ba2 h6 13. Nh4 Rd8 14. Nf5
Qe8 15. Ne4 $5 (15. Ne2 $5 Nf8 16. dxe5 Bxf5 $1 17. Qxf5 Qxe5 18. Ng3 Qxf5 19.
Nxf5 Ne6 20. b4 $1 Be5 21. Rb1 Ne4 22. Bb2 Bxb2 23. Rxb2 Nc7 24. Rc1 $14 {
Karpov,An-Chernin,A/Tilburg/1992/0.5 (65)}) (15. Bd2 Nf8 16. Rad1 Qd7 (16...
exd4 17. Nxd4 $1 Bc7 18. Bc1 Bb6 19. Rfe1 Bxd4 $1 20. exd4 Be6 21. d5 $1 cxd5
22. Nxd5 Nxd5 23. Rxd5 Rdc8 $1 24. Rc5 $10 {Stangl,M-Chernin,A/Muenchen/1992/0.
5 (28)}) 17. Ng3 exd4 18. exd4 Qc7 19. Nce2 Be6 20. Bf4 Qb6 {0,5/Portisch,
L-Chernin,A/Budapest zt-B (03)/1993/}) 15... Nxe4 16. Qxe4 Nf8 $5 17. Bd2 exd4
18. Qxe8 Rxe8 19. Nxd4 Ne6 20. Nxe6 {0,5/Akopian,V-Gurevich,M/Wijk aan Zee op/
1993/}) 12. Ba2 h6 13. Nh4 Re8 14. Nf5 Qf8 15. Ne2 (15. Nb5 $1 Bb8 16. Bd2 $1
a5 17. dxe5 Bxe5 18. f4 $1 Bb8 19. Nc3 Rd8 $2 20. Be1 $1 Nh7 21. Bh4 Ndf6 22.
Rad1 Rxd1 23. Rxd1 Be6 $2 24. Bxe6 $16 {Karpov,An-Anand,V/Bruxelles (m/8)/1991/
1-0 (32)}) (15. d5 $5 e4 $1 16. dxc6 bxc6 17. Nb5 $8 Bb8 $1 18. Qxc6 Ne5 19.
Qxa8 Bxf5 20. Qb7 $6 Re7 21. Qa6 Bc8 $1 22. Qa5 Bxh3 $1 23. Rd1 $8 Nd3 24. Qc3
$13 {Stohl,I-Rogers,I/Brno/1991/0.5 (61)}) 15... Nb6 16. dxe5 (16. Nxh6+ $5
gxh6 17. Qg6+ Qg7 18. Bxf7+ Kf8 19. Bxe8 Nxe8 20. Qxg7+ Nxg7 21. dxe5 Bxe5 22.
f4 $13) 16... Rxe5 (16... Bxf5 17. Qxf5 Rxe5 18. Qf3 Rd8 19. b4 $14) 17. Neg3
Be6 18. b4 (18. f4 Rc5 19. Qb1 Bxa2 20. Qxa2 $13) 18... Bxa2 19. Rxa2 g6 20.
Nd4 Ree8 21. Nde2 (21. Bb2 $2 Bxg3 22. fxg3 Nbd5 $17) 21... h5 22. Rd1 (22. Bb2
Qe7 23. Rd1 Rad8) 22... Rad8 23. Rxd8 Rxd8 24. e4 Re8 25. Bg5 Nh7 26. Be3 Qe7
27. f3 Rd8 (27... f5 $6 28. Bc5 Qh4 29. Qb3+ Kg7 30. Bf2 $14) 28. Nf1 a6 29.
Qc1 Rd3 30. Rd2 Qd7 31. Qc2 $1 (31. Rxd3 Qxd3 32. Nf4 Qc4 $15) 31... Rxd2 32.
Nxd2 Nf8 33. Nb3 Ne6 34. Na5 Qc8 35. Qd3 Nd7 36. f4 Bxa5 37. bxa5 Qe8 1/2-1/2

[Event "Rostock-07 IM Group"]
[Site "Rostock"]
[Date "1981.08.19"]
[Round "5"]
[White "Hesse, Peter"]
[Black "Malich, Burkhard"]
[Result "0-1"]
[WhiteElo "2385"]
[BlackElo "2470"]
[Annotator "Ftacnik,L"]
[PlyCount "70"]
[EventDate "1981.08.15"]
[EventType "tourn"]
[EventRounds "9"]
[EventCountry "DDR"]
[EventCategory "4"]
[SourceTitle "MCL"]
[Source "ChessBase"]
[SourceDate "1999.07.01"]
[SourceVersion "1"]
[SourceVersionDate "1999.07.01"]
[SourceQuality "1"]

1. d4 d5 2. Nf3 c6 3. c4 e6 4. e3 Nf6 5. Nc3 Nbd7 6. Bd3 Be7 (6... dxc4) 7. O-O
O-O 8. b3 b6 9. Bb2 Bb7 10. Qe2 Qc7 (10... Rc8) 11. Rac1 Rac8 (11... Rad8 12.
Rfd1 Qb8 13. Ne5 Nxe5 14. dxe5 Nd7 15. cxd5 cxd5 16. f4 $14 {Smyslov-Szily,
Moskau-Budapest 1949}) 12. Ne5 dxc4 13. bxc4 Rfd8 14. f4 c5 15. Nb5 Qb8 16. f5
a6 17. Nxf7 (17. Nc3) 17... axb5 18. fxe6 Nf8 19. Nxd8 Rxd8 20. d5 bxc4 21.
Bxc4 b5 22. Bxf6 gxf6 23. Bxb5 Bxd5 24. Bc4 Qe5 25. Qg4+ Kh8 26. Qf4 Qxe6 27.
Bxd5 Rxd5 28. Rb1 Ng6 29. Qh6 Bf8 30. Rb8 Qd6 31. Ra8 Rd1 32. a4 c4 33. a5
Rxf1+ 34. Kxf1 c3 35. Rc8 Qa6+ 0-1

[Event "URS-sf Russia-ch"]
[Site "Gorky"]
[Date "1989.??.??"]
[Round "?"]
[White "Fokin, Sergey"]
[Black "Dreev, Alexey"]
[Result "1/2-1/2"]
[WhiteElo "2380"]
[BlackElo "2570"]
[Annotator "Ftacnik,L"]
[PlyCount "92"]
[EventDate "1989.11.??"]
[EventType "tourn"]
[EventRounds "13"]
[EventCountry "URS"]
[EventCategory "7"]
[SourceTitle "CBM 016"]
[Source "ChessBase"]
[SourceDate "1990.06.01"]
[SourceVersion "1"]
[SourceVersionDate "1990.06.01"]
[SourceQuality "1"]

1. d4 d5 2. c4 c6 3. e3 Nf6 4. Nc3 e6 5. Nf3 Nbd7 6. Qc2 Bd6 7. Be2 O-O 8. O-O
dxc4 9. Bxc4 b5 10. Bd3 Bb7 11. e4 e5 12. dxe5 (12. Bg5 $5 exd4 13. Nxd4 Bxh2+
14. Kxh2 Ng4+ 15. Kg3 Qxg5 16. Nf3) 12... Nxe5 13. Nxe5 Bxe5 14. Qe2 (14. Be3
Ng4) 14... Re8 15. Be3 Bxc3 16. bxc3 Nxe4 17. Qc2 Nf6 18. Rfd1 Qc7 19. h3 h6
$15 20. c4 b4 21. c5 Nd5 22. Bd4 Qf4 23. Bc4 Nc3 24. g3 Qe4 25. Rd2 Qxc2 26.
Rxc2 Re4 27. Rd2 Nb5 (27... Rae8 $5) 28. Bxb5 cxb5 29. Be3 a5 30. Rd6 Rc8 31.
Rb6 Bc6 32. g4 a4 33. Rd1 b3 34. axb3 axb3 35. Rb1 Rb4 36. Bd2 Rd4 37. Be3 Rd3
38. Rb2 g5 39. Kh2 Bd5 40. Rxb5 Rd1 41. f4 Re8 42. R5xb3 Re1 43. Rd3 Be4 44.
Rc3 Bc6 45. Bf2 R8e2 46. Rxe2 Rxe2 {Ftacnik} 1/2-1/2

[Event "Dortmund"]
[Site "Dortmund"]
[Date "1992.??.??"]
[Round "8"]
[White "Salov, Valery"]
[Black "Ivanchuk, Vassily"]
[Result "0-1"]
[WhiteElo "2655"]
[BlackElo "2720"]
[Annotator "Ftacnik,L"]
[PlyCount "76"]
[EventDate "1992.04.16"]
[EventType "tourn"]
[EventRounds "9"]
[EventCountry "GER"]
[EventCategory "17"]
[SourceTitle "CBM 029"]
[Source "ChessBase"]
[SourceDate "1992.08.01"]
[SourceVersion "1"]
[SourceVersionDate "1992.08.01"]
[SourceQuality "1"]

1. d4 Nf6 2. c4 e6 3. Nf3 d5 4. Nc3 c6 5. e3 Nbd7 6. Qc2 Bd6 7. Be2 O-O 8. O-O
Qe7 9. Rd1 dxc4 10. Bxc4 e5 (10... b5 11. Be2 Bb7 12. e4 e5 13. dxe5 Bxe5 14.
Nxe5 Qxe5 15. Be3 $14 {Mohr,S-Dzhandzhgava,L/New York op/1990/}) 11. e4 (11. h3
) 11... exd4 12. Nxd4 Nb6 13. Be2 (13. Bb3 Re8 $13) 13... Re8 14. Be3 Bd7 (
14... Nxe4 15. Nxe4 Qxe4 16. Qxe4 Rxe4 17. Nxc6 $1 $14) 15. f3 Rad8 16. Bf1 (
16. Bf2 $5) 16... Nbd5 17. Bf2 Nxc3 18. bxc3 $2 (18. Qxc3 $1 Bc8 19. a3 $132)
18... Bc8 19. Rab1 Qc7 20. g3 h5 $1 21. Ne2 Nd7 $6 22. f4 Bc5 23. e5 $6 (23.
Bd4 $1 $14) 23... Bxf2+ 24. Kxf2 Qa5 25. Nd4 Nb6 26. Nb3 $6 Qa3 27. Rd4 c5 28.
Rd2 Be6 29. Rbd1 Rxd2+ 30. Rxd2 Nc4 31. Bxc4 Bxc4 32. Rd6 $6 (32. Nc1 $5) 32...
Qa4 (32... b5 33. Rc6 $1) 33. Ke3 $2 b6 34. Kd2 f6 $1 35. Kc1 fxe5 36. f5 (36.
Qg6 Bf7 37. Qf5 c4 38. Rd7 Be6 $19) 36... Bf7 37. f6 $2 c4 38. Nd2 Qa3+ {
Ftacnik,L} 0-1

[Event "San Francisco"]
[Site "San Francisco"]
[Date "1995.??.??"]
[Round "3"]
[White "Browne, Walter Shawn"]
[Black "Kortschnoj, Viktor Lvovich"]
[Result "1/2-1/2"]
[WhiteElo "2560"]
[BlackElo "2635"]
[Annotator "Ftacnik,L"]
[PlyCount "44"]
[EventDate "1995.??.??"]
[EventType "game"]
[EventCountry "ARG"]
[SourceTitle "CBM 046"]
[Source "ChessBase"]
[SourceDate "1995.06.01"]
[SourceVersion "1"]
[SourceVersionDate "1995.06.01"]
[SourceQuality "1"]

1. d4 Nf6 2. c4 e6 3. Nf3 d5 4. Nc3 c6 5. e3 Nbd7 6. Qc2 Bd6 7. Bd3 e5 $5 (7...
dxc4 8. Bxc4 b5 9. Bd3 Bb7 10. O-O a6 11. e4 e5 12. Re1 O-O 13. Bg5 Qc7 14. h3
h6 15. Be3 Rad8 16. Rac1 exd4 17. Bxd4 Ne5 18. Nxe5 Bxe5 19. Bc5 Rfe8 20. Qe2
Bd4 21. b4 Qe5 22. Nd1 Nh5 23. Bb1 Nf4 24. Qf3 {Booth,S-Kontorovich,M/
Melbourne AUS-ch (10)/1993/0.5 (49)}) (7... O-O 8. O-O (8. e4 dxc4 9. Bxc4 e5
10. Be3 Qc7 11. h3 b5 12. Be2 a6 13. O-O Re8 14. Rac1 Bb7 15. Rfd1 Rac8 16.
dxe5 Nxe5 17. Nd4 Ng6 18. Bf3 Bh2+ 19. Kh1 Be5 20. Nf5 Ne7 21. Nxe7+ Qxe7 22.
Ne2 Bb8 23. Bc5 Qe5 24. Ng3 {Garcia Gonzales,G-Hermann,M/Bochum/1981/1-0 (68)})
8... Re8 9. e4 dxc4 10. Bxc4 e5 11. Rd1 exd4 12. Nxd4 Nb6 13. Be2 Qe7 14. f3 h6
15. a4 Bc5 16. Kh1 Bd7 17. a5 Nc8 18. Nb3 Bd6 19. Be3 Nh5 20. Rxd6 Nxd6 21. Rd1
Red8 22. f4 Nf6 23. e5 Bf5 24. exd6 {Parr,E-Baum,B/Gausdal Int (02)/1993/0-1 
(34)}) 8. cxd5 cxd5 9. e4 (9. Nb5 $5 Bb8 10. dxe5 Nxe5) 9... dxe4 (9... exd4
10. Nxd5 (10. Nxd4 dxe4 11. Nxe4 Nxe4 12. Bxe4 Nf6 $10) 10... Nxd5 11. exd5
Qa5+ 12. Bd2 Qxd5 13. O-O $44) 10. Nxe4 Bb4+ (10... Nxe4 11. Bxe4 exd4 12. O-O
$36 (12. Nxd4 $6 Nf6 $15)) 11. Kf1 (11. Bd2 Bxd2+ 12. Nexd2 exd4 13. O-O O-O
$10) 11... Nxe4 12. Bxe4 exd4 (12... Nf6 13. Bg5 $1 $16) 13. Bg5 Qa5 (13... f6
14. Bf4 $40) 14. Rc1 Nc5 (14... h6 $4 15. Qxc8+) 15. a3 Qa6+ (15... Nxe4 $2 16.
Qxe4+ Be6 17. Qxb7 O-O 18. axb4 $18) 16. Kg1 d3 17. Qc4 d2 $1 18. Nxd2 (18.
Bxd2 Qxc4 19. Rxc4 Bxd2 20. Nxd2 Nxe4 21. Nxe4 O-O $15) 18... Qxc4 19. Rxc4
Bxd2 (19... Nxe4 $2 20. Rxe4+ Be6 21. Rxb4 $18) 20. Bxd2 Nxe4 21. Rxe4+ Be6 22.
Bc3 (22. Bb4 O-O-O 23. h3 $10) 22... O-O 1/2-1/2

[Event "URS-ch58"]
[Site "Moscow"]
[Date "1991.??.??"]
[Round "10"]
[White "Epishin, Vladimir"]
[Black "Shabalov, Alexander"]
[Result "1-0"]
[WhiteElo "2615"]
[BlackElo "2535"]
[Annotator "Ftacnik,L"]
[PlyCount "65"]
[EventDate "1991.11.??"]
[EventType "swiss"]
[EventRounds "11"]
[EventCountry "URS"]
[SourceTitle "URS-ch"]
[Source "ChessBase"]
[SourceDate "1999.07.01"]
[SourceVersion "1"]
[SourceVersionDate "1999.07.01"]
[SourceQuality "1"]

1. d4 d5 2. c4 c6 3. Nf3 Nf6 4. Nc3 e6 5. e3 Nbd7 6. Qc2 Bd6 7. Be2 O-O 8. O-O
dxc4 9. Bxc4 b5 10. Bd3 Bb7 11. a3 Rc8 (11... a5 12. e4 e5 13. dxe5 Nxe5 14.
Nxe5 Bxe5 15. h3 c5 16. Bxb5 Bxc3 17. bxc3 Bxe4 18. Qe2 Qd5 19. f3 Bf5 20. c4
$14 {Epishin,V-Dokhoian,Y/URS-ch58/1991/ ->CBM 27}) 12. Rd1 c5 (12... a6 13. e4
(13. b4 $5) 13... e5 14. dxe5 Nxe5 15. Nxe5 Bxe5 16. Bxb5 Qc7 17. Be2 Bxh2+ $13
) 13. Nxb5 (13. dxc5 Bxf3 14. gxf3 Rxc5 15. Bxb5 Nd5 $132) 13... Bxf3 14. gxf3
Bb8 15. Qe2 (15. dxc5 Rxc5 16. Qe2 Nd5 $132) 15... Nd5 (15... cxd4 16. Nxd4 Qc7
17. f4 e5 18. Nb5 $14) 16. f4 cxd4 (16... a6 17. Nc3 cxd4 18. Nxd5 exd5 19.
Bxa6 $16) 17. Nxd4 e5 $6 (17... Qh4 18. Kh1 N7f6 19. Rg1) 18. Nf3 Qf6 (18...
exf4 19. Bxh7+ Kxh7 20. Rxd5 Kg8 21. Qd1 Rc7 22. exf4 $18) 19. Ng5 (19. Bxh7+
Kxh7 20. Rxd5 Nb6 $132) 19... g6 (19... h6 20. Nh7 $18) 20. Ba6 $1 exf4 (20...
Rc5 21. Ne4 $18) 21. Rxd5 Rce8 22. Bd2 fxe3 23. fxe3 (23. Bxe3 Nb6 $16) 23...
Re5 (23... Nb6 24. Bc3 $18) (23... Qxb2 24. Rf1 Nf6 25. Rb5 $18) 24. e4 Rxd5
25. exd5 Qxb2 26. Rf1 Qxa3 27. Bb5 Ne5 (27... Qc5+ 28. Be3 Qxd5 29. Rd1 $18)
28. Qe3 Qa2 29. Ne4 $1 Ng4 (29... f5 30. Nc3 $18) 30. Qe2 Qxd5 (30... f5 31.
Bc4) (30... Nxh2 31. Nf6+ Kh8 32. Qe7 $1 $18) 31. Qxg4 Qxb5 (31... f5 32. Bc4
$1 fxg4 33. Bxd5+ Kg7 34. Bc3+ $18) 32. Nf6+ Kg7 (32... Kh8 33. Bc3 Qc5+ 34.
Bd4 $18) 33. Bh6+ $1 {Ftacnik,L} 1-0